000 00411cam a22001217a 4500
008 180718b1967 xxu||||| |||| 00| 0 eng d
082 _aA81x54 In2/61/7/PT5A
100 _aCensus of India 1961
245 _aKerala: special tables for scheduled castes and scheduled tribes
260 _aDelhi
_bThe Manager of Publications
_c1967
300 _a230+p.
440 _aCensus of India 1961. Volume VII, Kerala. Part V A
999 _c484173
_d484173